000 01195pab a2200181 454500
008 180718b2003 xxu||||| |||| 00| 0 eng d
100 _aJayashankar, V.
245 _aParticipatory irrigation management (PIM) - Bihar model
260 _c2003
300 _ap.449-457.
362 _aJul-Sep
520 _aCertain inadequacies are common to all India states in the irrigation management system. The canal systems have deteriorated due to poor management, irrigation potential is grossly underutilised, there is utter inequality in water distribution and poor quality of service to formers coupled with under-realisation of water charges. This has been the legacy of traditional government oriented institutional setup with nominal user participation. In the last decade, several states have tried to induct a qualitative change in the irrigation management. This article discusses the steps taken by Bihar government towards strengthening Participatory Irrigation Management and highlights the achievements of this model. - Reproduced.
650 _aIrrigation - India - Bihar
650 _aIrrigation
773 _aIndian Journal of Public Administration
908 _aN
909 _a58587
999 _c58587
_d58587